000 00491nam a2200181Ia 4500
005 20250508161946.0
008 008 250505s9999 xx 000 0 hin d
037 _aTextual
040 _aFEDL
_beng
_cFEDL
041 _ahin
_2eng
084 _a891.430 9, PRI
_qFEDL
100 _aAmrita Pritam
245 0 _aJang jari hai
260 _aNew Delhi, India
_bRadhakrishna Prakashan
_c1978
300 _a159p
942 _cTEXL
_h891.430 9, PRI
999 _c1373497
_d1373497